| 000 | 01034cab a2200241 4500 | ||
|---|---|---|---|
| 001 | ABS54039 | ||
| 008 | 090401t1995 xxu||||| |||| 00| 0 eng d | ||
| 035 | _a(Sirsi) u8038 | ||
| 041 | _aeng | ||
| 245 | _aThemehelp Ltd v West and others | ||
| 260 | _c1995 | ||
| 350 | _a0 | ||
| 490 |
_aWeekly Law Reports _v[1995] 3 WLR 751-772(22) |
||
| 520 | _aCA 6 April 1995. Dismissed the appeal of the sellers who asked for injunction against applying performance guarantee to be lifted. The buyers had purchased a business for £1.6m, after the first of three installments had been paid they alleged fraudulent misrepresentation by the sellers and sought a rescission. The third (unpaid) payment of £775,000 was secured by a third party performance guarantee, it was this payment that the sellers sought. | ||
| 650 | _aFRAUD | ||
| 650 | _aGUARANTORS | ||
| 650 | _aMISREPRESENTATION | ||
| 650 | _aPERFORMANCE GUARANTEE | ||
| 650 | _aTHEMEHELP LTD V WEST AND OTHERS | ||
| 690 | _aLAW-CASE LAW | ||
| 942 | _n0 | ||
| 948 | _c04/03/1997 | ||
| 999 |
_c4897 _d4897 |
||